000 00464nam a22001337a 4500
008 230629b xxu||||| |||| 00| 0 eng d
082 _a333.7
_bMOE
100 _cMinistry of Energy
110 _bMinistry of Energy
245 _aReport of the Technical and Financial Audit Commitee on the Kenya Power & Lighting Company Limited and The Kenya Electricity Generating Company Limited
260 _bMinistry of Energy
_c24 Oct 2003
300 _a160p
942 _2ddc
_cBK
999 _c2979
_d2979